| 000 | 00657nam a2200217Ii 4500 | ||
|---|---|---|---|
| 003 | JO-AjNU | ||
| 008 | 230605s9999||||xx |||||||||||||| ||und|| | ||
| 017 | _a2007/7203 | ||
| 040 |
_aJO-AjNU _bara _erda _cJO-AjNU |
||
| 041 | _aara | ||
| 050 | 1 | 4 | _aHD5827.2009 |
| 100 | 3 |
_aفرج،عصام الدين, _eauthor _932518 |
|
| 245 | 0 | 0 | _aاقتصاديات وادارة الاعلان |
| 250 | _aط2 | ||
| 264 | 3 | 1 | _aالقاهرة :دار النهضة العربية،2009 |
| 300 | _a125ص | ||
| 336 |
_atext _btxt _2rdacontent |
||
| 337 |
_aunmediated _bn _2rdamedia |
||
| 338 |
_avolume _bnc _2rdacarrier |
||
| 650 | 4 |
_aادارة-الاعلان _932519 |
|
| 999 |
_aA13137 _c16705 _d16705 |
||